<?xml version="1.0" encoding="UTF-8"?>
<record
    xmlns:xsi="http://www.w3.org/2001/XMLSchema-instance"
    xsi:schemaLocation="http://www.loc.gov/MARC21/slim http://www.loc.gov/standards/marcxml/schema/MARC21slim.xsd"
    xmlns="http://www.loc.gov/MARC21/slim">

  <leader>01592cam a22002413a 4500</leader>
  <controlfield tag="001">8092</controlfield>
  <controlfield tag="003">PGUSA</controlfield>
  <controlfield tag="005">20140828083152.0</controlfield>
  <controlfield tag="008">050501s2005||||xxu|||||s|||||000 e eng d</controlfield>
  <datafield tag="040" ind1=" " ind2=" ">
    <subfield code="a">PGUSA</subfield>
    <subfield code="b">eng</subfield>
  </datafield>
  <datafield tag="042" ind1=" " ind2=" ">
    <subfield code="a">dc</subfield>
  </datafield>
  <datafield tag="050" ind1=" " ind2="4">
    <subfield code="a">PR</subfield>
  </datafield>
  <datafield tag="100" ind1="1" ind2=" ">
    <subfield code="a">Chesterton, G. K.</subfield>
    <subfield code="q">(Gilbert Keith),</subfield>
    <subfield code="d">1874-1936</subfield>
  </datafield>
  <datafield tag="245" ind1="1" ind2="0">
    <subfield code="a">Tremendous Trifles</subfield>
    <subfield code="h">[electronic resource] /</subfield>
    <subfield code="c">G. K. Chesterton</subfield>
  </datafield>
  <datafield tag="260" ind1=" " ind2=" ">
    <subfield code="b">Project Gutenberg,</subfield>
    <subfield code="c">2005</subfield>
  </datafield>
  <datafield tag="505" ind1="0" ind2=" ">
    <subfield code="a">Preface -- Tremendous trifles -- A piece of chalk -- The secret of a train -- The perfect game -- The extraordinary cabman -- An accident -- The advantages of having one leg -- The end of the world -- In the Place de La Bastille -- On lying in bed -- The twelve men -- The wind and the trees -- The Dickensian -- In topsy-turvy land -- What I found in my pocket -- The dragon's grandmother -- The red angel -- The tower -- How I met the president -- The giant -- A great man -- The orthodox barber -- The toy theatre -- A tragedy of twopence -- A cab ride across country -- The two noises -- Some policemen and a moral -- The lion -- Humanity: an interlude -- The little birds who won't sing -- The riddle of the ivy -- The travellers in state -- The prehistoric railway station -- The diabolist -- A glimpse of my country -- A somewhat improbable story -- The shop of ghosts -- The ballade of a strange town -- The mystery of a pageant.</subfield>
  </datafield>
  <datafield tag="506" ind1=" " ind2=" ">
    <subfield code="a">Public domain in the USA.</subfield>
  </datafield>
  <datafield tag="516" ind1=" " ind2=" ">
    <subfield code="a">Electronic text</subfield>
  </datafield>
  <datafield tag="653" ind1=" " ind2=" ">
    <subfield code="a">English essays</subfield>
  </datafield>
  <datafield tag="830" ind1=" " ind2="0">
    <subfield code="a">Project Gutenberg</subfield>
    <subfield code="v">8092</subfield>
  </datafield>
  <datafield tag="856" ind1="4" ind2="0">
    <subfield code="u">http://www.gutenberg.org/ebooks/8092</subfield>
  </datafield>
  <datafield tag="942" ind1=" " ind2=" ">
    <subfield code="c">EB</subfield>
  </datafield>
  <datafield tag="999" ind1=" " ind2=" ">
    <subfield code="c">237392</subfield>
    <subfield code="d">237392</subfield>
  </datafield>
  <datafield tag="952" ind1=" " ind2=" ">
    <subfield code="0">0</subfield>
    <subfield code="1">0</subfield>
    <subfield code="4">0</subfield>
    <subfield code="a">GTB</subfield>
    <subfield code="b">GTB</subfield>
    <subfield code="d">2014-08-28</subfield>
    <subfield code="l">0</subfield>
    <subfield code="r">2014-08-28 00:00:00</subfield>
    <subfield code="w">2014-08-28</subfield>
    <subfield code="y">EB</subfield>
  </datafield>
</record>
